Foals in MLP - Statistics

General Stats
  • This quiz has been taken 33 times
  • The average score is 11 of 15
Answer Stats
Picture Answer % Correct
Diamond Tiara
100%
Apple Bloom
96%
Snails
92%
Babs Seed
88%
Silver Spoon
88%
Sweetie Belle
88%
Scootaloo
85%
Snips
85%
Featherweight
54%
Pipsqueak
54%
Twist
54%
Button Mash
50%
Lil Cheese
50%
Rumble
35%
Zipporwhill
31%
No matching quizzes found
Score Distribution
Percent of People with Each Score
Percentile by Number Answered
Your Score History
You have not taken this quiz